Normal view
MARC view
Entry Uniform Title
001 - CONTROL NUMBER
- control field: 31011
003 - CONTROL NUMBER IDENTIFIER
- control field: dpl
005 - DATE AND TIME OF LATEST TRANSACTION
- control field: 20110803121652.0
008 - FIXED-LENGTH DATA ELEMENTS
- fixed length control field: 110803|||a|||||| | ||| d
040 ## - CATALOGING SOURCE
- Original cataloging agency: dpl
- Transcribing agency: dpl
130 ## - HEADING--UNIFORM TITLE
- Uniform title: SQL server.
670 ## - SOURCE DATA FOUND
- Source citation: Work cat.: (dpl): 29868 Graham, Tyler, Microsoft SQL server 2008 R2 master data services :, 2011
670 ## - SOURCE DATA FOUND
- Source citation: Work cat.: (dpl): 29868 Graham, Tyler, Microsoft SQL server 2008 R2 master data services :, 2011
